000 00557cam a2200181 4500
001 J100539
008 000000n1998 000 0 eng u
035 _a(Sirsi) u100202
041 _aENG
050 _a692.8
110 _aJoint Contracts Tribunal
_93664
245 _aIntermediate form of building contract 1998 edition. Supplemental conditions C and D. Fluctuation causes.
260 _aLondon
_bRIBA Publications
_c1998
300 _a7p. ; 30cm.
650 _aJCT STANDARD FORM OF BUILDING CONTRACT 1998
690 _aContracts
_96232
942 _n0
999 _c99644
_d99644